| 000 | 00398nam a2200169 4500 | ||
|---|---|---|---|
| 020 | _a9789359623849 | ||
| 082 |
_aM3 _bSON/S |
||
| 100 | _aSonia Cherian | ||
| 245 |
_aSnow lotus/ _cby Sonia Cherian |
||
| 250 | _a8 | ||
| 260 |
_aKozhikode: _bMathrubhumi Books, _c2025. |
||
| 300 | _a304p. | ||
| 650 | _aNovel Malayalam | ||
| 650 | _aLiterature Malayalam | ||
| 650 | _aLiterature | ||
| 942 | _cBK | ||
| 999 |
_c181836 _d181836 |
||